The first 10 runs / (Record no. 146985)

MARC details
000 -LEADER
fixed length control field 00592nam a22001937a 4500
005 - DATE AND TIME OF LATEST TRANSACTION
control field 20171030115156.0
010 ## - LCCN (DPL NO)
LC control number ENG-120940
020 ## - INTERNATIONAL STANDARD BOOK NUMBER
Terms of availability 250.00
International Standard Book Number 9788179664407
035 ## - SYSTEM CONTROL NUMBER
System control number EN-104472
037 ## - SOURCE OF ACQUISITION
Source of stock number/acquisition DBAD/PUB
082 ## - DEWEY DECIMAL CLASSIFICATION NUMBER
Classification number 796.358
100 ## - MAIN ENTRY--PERSONAL NAME
Personal name Sam
245 ## - TITLE STATEMENT
Title The first 10 runs /
Statement of responsibility, etc by Sam [and] James Thevanayagam
260 ## - PUBLICATION, DISTRIBUTION, ETC. (IMPRINT)
Place of publication, distribution, etc Chennai
Name of publisher, distributor, etc Olivannan Gopalakrishnan Emerald Publishers
Date of publication, distribution, etc 2017
270 ## - ADDRESS
Address 15A, First Floor, Casa Major Road Egmore
City Chennai
Postal code 600008
300 ## - PHYSICAL DESCRIPTION
Extent 151p.
Dimensions 22cm(pbk)
700 ## - ADDED ENTRY--PERSONAL NAME
Personal name Thevanayagam, James
942 ## - ADDED ENTRY ELEMENTS (KOHA)
Source of classification or shelving scheme Dewey Decimal Classification
Item type English Books
Call number suffix SAM
Classification part 796.358
Holdings
Withdrawn status Lost status Not for loan Collection code Home library Current library Date acquired Source of acquisition Cost, normal purchase price Full call number Barcode Copy number Cost, replacement price Koha item type
    Not For Loan Non-fiction D.B.Act.Division Bawana 30/10/2017 DBAD/PUB 250.00 796.358 SAM EN-104472 1 250.00 English Books

© Delhi Public Library
Hit Counter
free hit counter